000 00716nam a22002177a 4500
005 20131101115114.0
010 _aB-495530-534
020 _a9789350515518
_c1250.00
035 _aB-495530-534
037 _bHPH/Ven
_adpl
082 _22nd ed.
100 _aVivek
245 _aFinancial risk management /
_cby Vivek [and] P.N. Asthana
260 _aMumbai
_bHimalaya Publishing House
_c2012
270 _aRamdoot Dr. Bhalerao Marg, Girgaon
_bMumbai
_e400004
300 _a400p. :
_c22cm(Hb)
_bill.
500 _aincludes index
700 _aAsthana, P.N.
942 _2ddc
_cEN
_mVIV
_h658.155
999 _c79596
_d79596